|
|
|
|
| LEADER |
00947nab#a2200301#ar4500 |
| 001 |
000073563 |
| 003 |
SVKKK |
| 005 |
19970929xxxxxxx. |
| 008 |
06 c xo huno |
| FMT |
|
|
|
| 038 |
|
|
|a SVKKK
|
| 040 |
|
|
|a SVKKK
|b slo
|e AACR2
|
| 041 |
0 |
|
|a hun
|
| 044 |
|
|
|a xo
|c SK
|
| 080 |
|
|
|a 296.2
|
| 242 |
1 |
0 |
|a Harmonogram skúšok
|
| 245 |
0 |
0 |
|a Vizsgarend
|
| 500 |
|
|
|a mikrofilm
|
| 520 |
2 |
|
|a Oznam o harmonograme skúšok na záver školského roku 1902/1903 v židovskej obecnej škole v Humennom v dňoch 21.-22.06.1903.
|
| 650 |
0 |
4 |
|a židovská obecná škola, Humenné - školský rok 1902/1903 - skúšky - 21.-22.06.1903 - harmonogram - oznam
|
| 773 |
0 |
|
|t Homonna és Vidéke : Vegyes tartalmu közmüvelődési, szépirodalmi és közgazdasági hetilap
|g Roč. 3, č. 25 (18.06.1903) s. 2
|
| 957 |
|
|
|a Humenné
|
| 958 |
|
|
|a DG
|
| 958 |
|
|
|a SK
|
| 974 |
|
|
|a Ba
|d 19970929
|
| 992 |
|
|
|a RBX
|
| BAS |
|
|
|
| 998 |
|
|
|a RETRO
|